1923 1950 1801 1625 1408 1986 1302 1102 1812 1746 1603 1103 1420 1950 1333 1916 1395 1376 1406 1655 1744 1172 1482 1496 1630 1684 1796 1193 1556 1424 1215 1144 1204 1805 1521 1424 1100 1310 1871 1878 1046 1734 1348 1058 1069 1793 1821 1896 1457 1635 1160 1243 1655 1844 1358 1026 1282 1247 1688 1535 1788 1042 1265 1634 1638 1702 1327 1058 1497 1508 1624 1260 1295 1538 1814 1739 1401 1210 1719 1390 1113 1155 1035 1422 1116 1388 1464 1647 1156 1741 1257 1572 1261 1325 1627 1337 1806 1180 1707 BCNSPRNW ULIB Ver.6.0+V

เปลี่ยนเป็นภาษาไทย

Change to English
 แสดงรายละเอียดบรรณานุกรม
  กลับหน้าหลัก

Brief Record : Get Marc (ISO 2709) : E-mail record : QR code < ปิดหน้าต่าง
LEADER : 00000nam 2200000uu 4500
001    13399114470
003     ULIB
008    120404s2553||||th 000 0 tha d
020    ^a9786167017426
090    ^aนว.^bป524ค 2553
100 0  ^aปัญญมาตย์
245 00 ^aคมเล่ห์เสห่หา/^cปัญญมาตย์
250    ^aพิมพ์ครั้งที่ 1
260    ^aกรุงเทพฯ :^bอักษรศาสตร์,^c2553
300    ^a246 หน้า
710 1  ^aอักษรศาสตร์
945    ^p229^l0^i17071
995    ^aกัณชพร
999    ^aใช้งานได้ทุกระบบ
รายการนี้ยังไม่มีแท็ก
คุณยังไม่ได้ล็อกอิน คุณสามารถมีกิจกรรมร่วมกับเว็บไซต์ได้ แต่ต้องล็อกอินก่อน ::
  ล็อกอิน

รายการสื่อสารสนเทศ

ลำดับที่ ประเภท เลขเรียก/บาร์โค้ด สถานที่ สถานะ
1. นวนิยาย
นวนิยาย
นว. ป524ค 2553  
  Barcode: 17071
ห้องสมุดวิทยาเขตสวรรค์ประชารักษ์
►นวนิยาย
บนชั้น
  ขอยืม

BibComment


ยังไม่เคยถูกคอมเมนท์

คอมเมนท์ทรัพยากรรายการนี้
  คอมเมนท์: คมเล่ห์เสห่หา ปั..


 Copyright 2026. Bcnsprnw @Library